| 000 | 00424nam a22001577a 4500 | ||
|---|---|---|---|
| 003 | OSt | ||
| 008 | 260428b |||||||| |||| 00| 0 eng d | ||
| 082 |
_a634.44 _bS16S |
||
| 100 | _aRanjan, Saurabh | ||
| 245 | _aScreening of Mango (Mangifera Indica L.) Cultivars for Processing | ||
| 260 |
_aPusa, Samastipur _bRAU _c1992 |
||
| 300 | _a162P. | ||
| 502 |
_bMsc. _d1992 |
||
| 650 | _aFruit & Fruit Technology | ||
| 942 |
_2ddc _cT |
||
| 999 |
_c50228 _d50228 |
||